Derek Jarman /

Збережено в:
Бібліографічні деталі
Автор: Patanè, Vincenzo (Автор)
Формат: Книга
Мова:Італійська мова
Опубліковано: Venezia : Comune, Ufficio attivita cinematografiche, 1995
Серія:Circuitocinema ; 55
Теги: Додати тег
Немає тегів, Будьте першим, хто поставить тег для цього запису!

MARC

LEADER 00000nam a22000007i 4500
001 IT\ICCU\VEA\0095492
003 ItRI
005 20260115232402.0
008 970917s1995 it |||||| ||||| |||||c
040 |b ita  |c importazione bologna sebina 
041 7 |a ita  |2 ISO-639-2 
100 1 |a Patanè, Vincenzo  |0 IT\ICCU\CFIV\148333  |4 aut 
245 1 0 |a Derek Jarman /  |c Vincenzo Patane. 
260 |a Venezia :  |b Comune, Ufficio attivita cinematografiche,  |c 1995 
300 |a 75 p. :  |b ill. ;  |c 22 cm 
500 |a Il quaderno Derek Jarman esce in occasione della rassegna The Last of Cinema. Personale di Derek Jarman promossa dall'Ufficio Attivita Cinematografiche di Venezia in collaborazione con il British Council di Roma. 
830 0 |a Circuitocinema ;  |v 55  |0 IT\ICCU\VEA\0000548 
942 |2 ddc  |c BK  |n 0 
952 |0 0  |1 0  |4 0  |6 DOC_791_430000000000000_PAT  |7 0  |9 25187  |a BO  |b BO  |d 2026-01-15  |i 6660  |l 0  |o DOC 791.430 PAT  |p BO6660  |r 2026-01-15 23:24:02  |w 2026-01-15  |x [Sebina 7] [1 v.]  |y BK  |z 1 v. 
999 |c 21406  |d 21406